000 00520nam 22001933 4500
001 199733
090 _a199733
100 _a20260106d u||y0pory50 ba
200 _aAs ciências da educação
_fGaston Mialaret
205 _a
210 _aLisboa
_cMoraes
_d1980
215 _a104, [2] p.
_cbrochado
_d23 cm
225 _aPsicologia e pedagogia
606 _95170
_aCiências Sociais Educação
675 _a37
_vPT
_zpor
700 _915490
_aMialaret
_bGaston
801 _aPT
_bBMMN
_gRPC
830 _cAna
_fAna
990 _cLIVROS